[Event "Leon Man+Comp m"]
[Site "Leon"]
[Date "1999.06.11"]
[Round "1"]
[White "Karpov, Anatoly"]
[Black "Anand, Viswanathan"]
[Result "0-1"]
[WhiteElo "2710"]
[BlackElo "2781"]
[PlyCount "85"]
[EventDate "1999.06.??"]
[Source "ChessBase"]
[SourceDate "1999.10.01"]

1. d4 Nf6 2. c4 e6 3. g3 d5 4. Bg2 dxc4 5. Nf3 a6 6. O-O Nc6 7. e3 Bd7 8. Nc3 Bd6 9. Ne5 Bxe5 10. dxe5 Nxe5 11. Bxb7 Rb8 12. Qd4 Rxb7 13. Qxe5 O-O 14. Rd1 Qe7 15. e4 Bc6 16. Qd4 Qb4 17. Be3 Nd7 18. Rab1 f6 19. f4 e5 20. Qd2 exf4 21. gxf4 Re8 22. Qd4 Nb6 23. Re1 Rbb8 24. Qc5 Qxc5 25. Bxc5 Na4 26. Nxa4 Bxa4 27. e5 fxe5 28. fxe5 Re6 29. Re3 h5 30. Bd4 h4 31. Rf1 Rg6+ 32. Kf2 Bd7 33. Ke1 Be6 34. Bc3 Rg4 35. h3 Rg2 36. Rf2 Rg1+ 37. Rf1 Rxf1+ 38. Kxf1 Rd8 39. Ke1 Kh7 40. Kf2 Rd3 41. Ke2 Rxe3+ 42. Kxe3 g5 43. Kd4 0-1

[Event "Dortmund"]
[Site "?"]
[Date "2000.??.??"]
[Round "?"]
[White "Bareev, E."]
[Black "Adams, M."]
[Result "1/2-1/2"]
[WhiteElo "2700"]
[BlackElo "2755"]
[PlyCount "53"]
[EventDate "2000.??.??"]
[Source "Chess Informant"]
[SourceDate "2000.06.01"]

1. d4 Nf6 2. c4 e6 3. g3 d5 4. Nf3 dxc4 5. Bg2 Nc6 6. Qa4 Bb4+ 7. Bd2 Nd5 8. Bxb4 Ndxb4 9. a3 b5 10. Qxb5 Nc2+ 11. Kd2 Nxa1 12. Qxc6+ Bd7 13. Qxc4 c5 14. Qa2 Qa5+ 15. Nc3 cxd4 16. Nxd4 Rd8 17. Rxa1 e5 18. b4 Qb6 19. Nc2 Qxf2 20. Ne3 Be6+ 21. Ncd5 O-O 22. Qc4 Bxd5 23. Bxd5 Qxh2 24. Qh4 Qf2 25. Rh1 h6 26. Rh2 Qg1 27. Rh1 1/2-1/2

[Event "Amber-blind 8th"]
[Site "Monte Carlo"]
[Date "1999.03.16"]
[Round "1"]
[White "Gelfand, Boris"]
[Black "Karpov, Anatoly"]
[Result "0-1"]
[WhiteElo "2691"]
[BlackElo "2710"]
[PlyCount "84"]
[EventDate "1999.03.16"]
[Source "ChessBase"]
[SourceDate "1999.05.10"]

1. d4 Nf6 2. c4 e6 3. g3 d5 4. Bg2 dxc4 5. Nf3 c5 6. O-O Nc6 7. Ne5 Bd7 8. Nxc4 cxd4 9. Bf4 Nd5 10. Nd6+ Bxd6 11. Bxd6 Nde7 12. Nd2 O-O 13. Qb3 Bc8 14. Nc4 Re8 15. Bc5 Nf5 16. e4 dxe3 17. fxe3 Qg5 18. Ba3 e5 19. Nd6 Nxd6 20. Bxd6 Nd8 21. Kh1 Bd7 22. Rad1 Bc6 23. Bxc6 bxc6 24. Bc7 Ne6 25. Rd7 f6 26. Qc4 Qxe3 27. Rd6 Qc5 28. Rxc6 Qxc4 29. Rxc4 Rec8 30. Rfc1 a5 31. Bb6 Rcb8 32. Rc6 Kf7 33. Rd1 Rb7 34. Rdd6 Ng5 35. b3 h5 36. Kg2 Kg6 37. Be3 a4 38. Bxg5 Kxg5 39. Rb6 Rxb6 40. Rxb6 axb3 41. axb3 Ra2+ 42. Kh3 Kf5 0-1

[Event "FIDE GP"]
[Site "Dubai"]
[Date "2002.04.03"]
[Round "1.1"]
[White "Karpov, Anatoly"]
[Black "Van Wely, Loek"]
[Result "0-1"]
[WhiteElo "2693"]
[BlackElo "2697"]
[PlyCount "70"]
[EventDate "2002.04.03"]
[Source "ChessBase"]
[SourceDate "2002.08.12"]

1. d4 Nf6 2. c4 e6 3. Nf3 d5 4. g3 dxc4 5. Bg2 Nc6 6. Qa4 Bb4+ 7. Bd2 Nd5 8. Bxb4 Ndxb4 9. a3 b5 10. Qxb5 Nc2+ 11. Kf1 Bd7 12. Ra2 N6xd4 13. Qc5 Nf5 14. Ne5 Rb8 15. Nc3 Rb6 16. e3 Ba4 17. Be4 Nd6 18. Bxc2 Bxc2 19. Kg2 O-O 20. a4 Ne4 21. Nxe4 Bxe4+ 22. f3 Qd2+ 23. Kh3 Bd3 24. e4 Rxb2 25. Rxb2 Qxb2 26. Qxc7 Qf2 27. Qd6 Bf1+ 28. Kg4 Qg2 29. Rxf1 Qxf1 30. Qd4 Qe2 31. h4 h6 32. Nxc4 f5+ 33. exf5 Rxf5 34. Nd2 Rd5 35. Qe4 Rxd2 0-1

[Event "USSR (ch)"]
[Site "?"]
[Date "1988.??.??"]
[Round "?"]
[White "Beliavsky, A."]
[Black "Karpov, An"]
[Result "1/2-1/2"]
[WhiteElo "2665"]
[BlackElo "2725"]
[PlyCount "133"]
[EventDate "1988.??.??"]
[Source "ChessBase"]
[SourceDate "1988.07.01"]

1. d4 Nf6 2. c4 e6 3. Nf3 d5 4. g3 dxc4 5. Bg2 Bd7 6. Ne5 Bc6 7. Nxc6 Nxc6 8. e3 Qd7 9. O-O Rb8 10. Qe2 b5 11. b3 cxb3 12. axb3 Rb6 13. Bb2 a6 14. e4 Nxd4 15. Bxd4 Qxd4 16. Rxa6 Rxa6 17. Qxb5+ Nd7 18. Qxa6 Be7 19. Qa8+ Bd8 20. Bf3 Qd3 21. Kg2 Ne5 22. Bh5 O-O 23. Rd1 Be7 24. Qxf8+ Kxf8 25. Rxd3 Nxd3 26. Be2 Nb4 27. Kf1 Nc2 28. Nc3 Nd4 29. Bd1 Bb4 30. Na4 g5 31. Nb2 f6 32. Nd3 Bd2 33. Kg2 Ke7 34. Kf1 Kd6 35. f3 f5 36. Kg1 h6 37. Nb2 Ke7 38. Nc4 Bc1 39. Ne5 Bd2 40. Nc4 Bc1 41. Ne5 h5 42. exf5 exf5 43. g4 h4 44. gxf5 Kf6 45. Nd3 Bd2 46. Kg2 Kxf5 47. Kh3 Bf4 48. Kg2 Be5 49. Kh3 Bd6 50. Kg2 Ke6 51. Kh3 Nf5 52. Be2 Kf6 53. Nf2 Nd4 54. Bd1 Kf5 55. Nd3 Be7 56. Kg2 Bf8 57. Kh3 Bd6 58. Kg2 Ke6 59. Kh3 Nf5 60. Be2 Ne3 61. f4 gxf4 62. Kxh4 Kf5 63. Ne1 Ke5 64. Kg5 Be7+ 65. Kg6 Ke4 66. Bf3+ Kd4 67. Bc6 1/2-1/2

[Event "Corr"]
[Site "?"]
[Date "2002.01.15"]
[Round "?"]
[White "Elwert Hans-Marcus (GER)"]
[Black "Tarnowiecki Harald"]
[Result "1-0"]
[WhiteElo "2687"]
[BlackElo "2692"]
[PlyCount "85"]
[EventDate "2002.??.??"]
[Source "www.chesslib.no"]
[SourceDate "2004.05.04"]

1. d4 d5 2. c4 e6 3. Nf3 Nf6 4. g3 dxc4 5. Bg2 a6 6. O-O Nc6 7. e3 Bd7 8. Qe2 b5 9. Nc3 Bd6 10. e4 Be7 11. Rd1 O-O 12. Bf4 Qc8 13. Ne1 Rb8 14. e5 Ne8 15. Be3 f6 16. f4 Nd8 17. d5 fxe5 18. fxe5 Nf7 19. Ba7 Rb7 20. Bf2 g6 21. a4 Ng7 22. axb5 axb5 23. Nc2 Rb8 24. Ra7 Kh8 25. d6 cxd6 26. exd6 Nxd6 27. Nb4 Rf7 28. Na6 Rb7 29. Bxb7 Nxb7 30. Qe5 Bc6 31. Qb8 Qf8 32. Qxf8+ Rxf8 33. Nxb5 e5 34. Nbc7 h5 35. Nd5 Rd8 36. Ne3 Rxd1+ 37. Nxd1 Nf5 38. Nb8 Bf3 39. Nd7 Bd6 40. Ne3 Nxe3 41. Bxe3 Kg7 42. Kf2 Bc6 43. Nb6 1-0

[Event "FIDE GP"]
[Site "Dubai"]
[Date "2002.04.07"]
[Round "4.1"]
[White "Georgiev, Kiril"]
[Black "Leko, Peter"]
[Result "1-0"]
[WhiteElo "2655"]
[BlackElo "2713"]
[PlyCount "89"]
[EventDate "2002.04.03"]
[Source "ChessBase"]
[SourceDate "2002.08.12"]

1. d4 Nf6 2. c4 e6 3. g3 d5 4. Bg2 dxc4 5. Nf3 a6 6. O-O Nc6 7. e3 Bd7 8. Qe2 b5 9. a4 Rb8 10. axb5 axb5 11. b3 cxb3 12. Nbd2 Bd6 13. Bb2 O-O 14. Nxb3 Qe7 15. Ne5 Bxe5 16. dxe5 Nd5 17. Rfc1 Ra8 18. Nc5 Rxa1 19. Bxa1 Na5 20. Bd4 Bc6 21. h4 Ra8 22. Ra1 Qe8 23. h5 h6 24. Ne4 Nb3 25. Rb1 Nxd4 26. exd4 Ra4 27. Qd2 Qa8 28. Nc5 Ra2 29. Qc1 Nc3 30. Bxc6 Ne2+ 31. Kh2 Qxc6 32. Qe3 Qd5 33. Rxb5 Nxd4 34. Rb8+ Kh7 35. Qd3+ g6 36. hxg6+ fxg6 37. Rf8 Nf5 38. Qxd5 exd5 39. Kg2 Rc2 40. Nd7 h5 41. Rf7+ Kh6 42. Nf6 c6 43. e6 Ne3+ 44. Kh3 Ng4 45. Ng8+ 1-0

[Event "Madrid 72/441"]
[Site "?"]
[Date "1998.??.??"]
[Round "?"]
[White "Beliavsky, Alexander G"]
[Black "Adams, Michael"]
[Result "1/2-1/2"]
[WhiteElo "2690"]
[BlackElo "2670"]
[PlyCount "88"]
[EventDate "1998.??.??"]
[Source "ChessBase"]
[SourceDate "1998.02.01"]

1. d4 Nf6 2. c4 e6 3. g3 d5 4. Nf3 dxc4 5. Bg2 Nc6 6. Qa4 Nd7 7. Qxc4 Nb6 8. Qd3 e5 9. Nxe5 Nb4 10. Qc3 Qxd4 11. O-O Qxc3 12. Nxc3 Bd6 13. Nf3 c6 14. Rd1 Be7 15. Nd4 O-O 16. a3 N4d5 17. Nxd5 Nxd5 18. Bd2 Rd8 19. Ba5 Nb6 20. Rd3 Bf6 21. Rad1 Bg4 22. h3 Rxd4 23. hxg4 Rxd3 24. Rxd3 Bxb2 25. Bxb6 axb6 26. Rd7 Rb8 27. a4 h6 28. g5 hxg5 29. Bh3 Kf8 30. Rc7 Be5 31. Rc8+ Ke7 32. Rxb8 Bxb8 33. Bc8 Kd6 34. Bxb7 c5 35. Kf1 c4 36. Ke1 Kc5 37. g4 Kb4 38. Bd5 f6 39. Kd1 Kc3 40. Bf7 Bd6 41. f3 Bf4 42. Be6 Be3 43. Bf7 Kb4 44. Be6 Kc3 1/2-1/2

[Event "Corr"]
[Site "?"]
[Date "1999.11.03"]
[Round "?"]
[White "Elwert Hans-Marcus (GER)"]
[Black "Tarnowiecki Harald"]
[Result "1-0"]
[WhiteElo "2681"]
[BlackElo "2676"]
[PlyCount "121"]
[EventDate "1999.??.??"]
[Source "www.chesslib.no"]
[SourceDate "2004.05.04"]

1. d4 Nf6 2. c4 e6 3. g3 d5 4. Bg2 dxc4 5. Nf3 Nc6 6. Qa4 Nd7 7. Qxc4 Nb6 8. Qd3 e5 9. Be3 Nb4 10. Qb5+ Bd7 11. Qxe5+ Be7 12. O-O O-O 13. Rc1 N4d5 14. Qe4 Re8 15. Qd3 Nxe3 16. Qxe3 c5 17. Qd3 Be6 18. Nc3 Bc4 19. Qd1 Rc8 20. e3 cxd4 21. Nxd4 Ba6 22. Ncb5 Bf6 23. Rxc8 Nxc8 24. Qc2 Nd6 25. Nc7 Bd3 26. Qc3 Rf8 27. Nd5 Be4 28. Nxf6+ Qxf6 29. f3 Bg6 30. Ne2 Qxc3 31. Nxc3 f5 32. Bf1 Rc8 33. Rc1 Kf8 34. Ne2 Rxc1 35. Nxc1 Bf7 36. Kf2 Ke7 37. Bd3 Kf6 38. e4 fxe4 39. Bxe4 h6 40. b3 g5 41. Ke3 Be6 42. Ne2 Ke5 43. f4+ gxf4+ 44. gxf4+ Kf6 45. Ng3 b6 46. Nh5+ Ke7 47. Ng7 Bg8 48. Kd4 a5 49. Bd3 Bf7 50. Ke5 a4 51. bxa4 Bxa2 52. Nf5+ Nxf5 53. Kxf5 Kf7 54. Bc2 Be6+ 55. Ke5 Ke7 56. f5 Bc4 57. f6+ Kd7 58. Bf5+ Ke8 59. Be6 Be2 60. Bb3 Kd7 61. h4 1-0

[Event "Istanbul ol (Men)"]
[Site "?"]
[Date "2000.11.01"]
[Round "5"]
[White "Kortschnoj Viktor"]
[Black "Ivanchuk Vassily"]
[Result "0-1"]
[WhiteElo "2620"]
[BlackElo "2719"]
[PlyCount "98"]
[EventDate "2000.??.??"]
[Source "www.chesslib.no"]
[SourceDate "2004.05.04"]

1. Nf3 d5 2. g3 Nf6 3. Bg2 e6 4. d4 c5 5. O-O Nc6 6. c4 dxc4 7. Qa4 Bd7 8. Qxc4 b5 9. Qd3 Rc8 10. Nc3 cxd4 11. Nxd4 Ne5 12. Qd1 b4 13. Ne4 Nd5 14. Ng5 Be7 15. Bxd5 exd5 16. Ngf3 Nc4 17. Qd3 O-O 18. Rd1 Re8 19. Rb1 Bf6 20. b3 Nd6 21. Bd2 Qb6 22. Rbc1 Ne4 23. Be1 h6 24. Kg2 a5 25. h3 Rc5 26. Rxc5 Qxc5 27. e3 Rc8 28. g4 Qb6 29. Ng1 Bxd4 30. exd4 Bb5 31. Qb1 Qc6 32. Bd2 Qf6 33. Be3 Rc3 34. Qb2 Rxe3 35. fxe3 Qh4 36. Rd2 Qg3+ 37. Kh1 Qxe3 38. Rc2 Ng3+ 39. Kg2 Bf1+ 40. Kh2 Ne4 41. Qc1 Qg3+ 42. Kh1 Bd3 43. Rc8+ Kh7 44. Rh8+ Kg6 45. Qc6+ Nf6 46. Re8 Kh7 47. Re5 Be4+ 48. Rxe4 Nxe4 49. Qc2 g6 0-1

[Event "TCh-BIH"]
[Site "Jahorina"]
[Date "2003.06.25"]
[Round "7"]
[White "Kasimdzhanov, Rustam"]
[Black "Aleksandrov, Aleksej"]
[Result "0-1"]
[WhiteElo "2680"]
[BlackElo "2650"]
[PlyCount "114"]
[EventDate "2003.06.21"]
[Source "Roberto Alvarez"]
[SourceDate "2003.07.07"]

1. d4 Nf6 2. c4 e6 3. Nf3 d5 4. g3 dxc4 5. Bg2 Nc6 6. Qa4 Bb4+ 7. Bd2 Nd5 8. Bxb4 Ndxb4 9. a3 b5 10. Qxb5 Nc2+ 11. Kd2 Nxa1 12. Qxc6+ Bd7 13. Qxc4 c5 14. Qa2 Qa5+ 15. Nc3 cxd4 16. Nxd4 Rd8 17. Rxa1 Qc5 18. e3 e5 19. Qd5 Qxd5 20. Bxd5 exd4 21. exd4 h5 22. Re1+ Kf8 23. h4 Rh6 24. Bc4 Rf6 25. Ne4 Rf3 26. Re3 Bg4 27. Rxf3 Bxf3 28. Ng5 Bd5 29. Bxd5 Rxd5 30. Kd3 Rd6 31. Ne4 Rb6 32. Kc3 Re6 33. Kd3 Ke7 34. a4 Rb6 35. Kc3 Ke6 36. Ng5+ Kd5 37. Nh3 g6 38. Nf4+ Ke4 39. d5 a5 40. b3 Rb4 41. Nd3 Rd4 42. Nf4 Ke5 43. Kc2 Kd6 44. Kc3 Re4 45. Kd2 Kc5 46. Kc3 Re8 47. d6 Kxd6 48. b4 Rc8+ 49. Kb3 Rb8 50. b5 Re8 51. Ka3 Kc5 52. Kb3 Kd4 53. Ka3 Kc4 54. Nh3 Re1 55. Kb2 Kb4 56. Nf4 Kxa4 57. b6 Re7 0-1

[Event "Monaco (m/4) 75/449"]
[Site "?"]
[Date "1999.??.??"]
[Round "?"]
[White "Karpov, Anatoly"]
[Black "Piket, Jeroen"]
[Result "1/2-1/2"]
[WhiteElo "2710"]
[BlackElo "2619"]
[PlyCount "86"]
[EventDate "1999.??.??"]
[Source "ChessBase"]
[SourceDate "1999.02.01"]

1. d4 Nf6 2. c4 e6 3. Nf3 d5 4. g3 dxc4 5. Bg2 Bb4+ 6. Bd2 a5 7. O-O O-O 8. Qc2 b5 9. a4 bxa4 10. Rxa4 Bb7 11. Bxb4 axb4 12. Rxa8 Bxa8 13. Nbd2 c5 14. dxc5 Qa5 15. Qxc4 Bd5 16. Qd4 Rd8 17. Nc4 Bxc4 18. Qxc4 Rc8 19. Nd4 Rxc5 20. Qd3 Rc8 21. Rd1 h6 22. h3 Qa2 23. Qb3 Qxb3 24. Nxb3 Nfd7 25. f4 Kf8 26. Be4 Ke7 27. Rd4 f5 28. Bd3 Nc6 29. Rc4 Nb6 30. Rc1 Kd6 31. Kf2 g5 32. e4 gxf4 33. gxf4 fxe4 34. Bxe4 Ne7 35. Rxc8 Nexc8 36. Nd4 Na4 37. b3 Nc5 38. Bc2 Ne7 39. Kf3 e5 40. Ne2 exf4 41. Nxf4 Ke5 42. Nd3+ Nxd3 43. Bxd3 Nc6 1/2-1/2

[Event "Calvia (ol)"]
[Site "?"]
[Date "2004.??.??"]
[Round "?"]
[White "Avrukh, B."]
[Black "Grischuk, A."]
[Result "1/2-1/2"]
[WhiteElo "2610"]
[BlackElo "2700"]
[PlyCount "87"]
[EventDate "2004.??.??"]
[Source "Chess Informant"]
[SourceDate "2004.10.01"]

1. d4 Nf6 2. c4 e6 3. g3 d5 4. Nf3 dxc4 5. Bg2 c5 6. O-O Nc6 7. Ne5 Bd7 8. Na3 cxd4 9. Naxc4 Be7 10. Bf4 Nd5 11. Nxd7 Nxf4 12. Bxc6 bxc6 13. Nde5 Nh3+ 14. Kg2 Ng5 15. f3 Rc8 16. Nxc6 Qd5 17. N4a5 Bd8 18. Qa4 Qd7 19. Qa3 f6 20. Nxd8 Rxd8 21. Rac1 e5 22. Nc6 Rc8 23. Qxa7 Rc7 24. Qa8+ Rc8 25. Qa6 Kf7 26. Qc4+ Ne6 27. b4 h5 28. b5 h4 29. f4 exf4 30. Rxf4 Rh5 31. Rxh4 Rxh4 32. gxh4 Rh8 33. Rf1 Qd6 34. Rf3 Rxh4 35. h3 Rh5 36. a4 Rg5+ 37. Kh1 Kg6 38. Qd3+ Kh6 39. Qe4 Qc5 40. Rf1 Qc3 41. Qf3 Qc5 42. Qe4 Qc3 43. Qf3 Qc5 44. Qe4 1/2-1/2

[Event "Amber-blind 7th"]
[Site "Monte Carlo"]
[Date "1998.03.26"]
[Round "11"]
[White "Karpov, Anatoly"]
[Black "Piket, Jeroen"]
[Result "1/2-1/2"]
[WhiteElo "2735"]
[BlackElo "2575"]
[PlyCount "57"]
[EventDate "1998.03.13"]
[Source "ChessBase"]
[SourceDate "1998.04.29"]

1. d4 Nf6 2. c4 e6 3. Nf3 d5 4. g3 dxc4 5. Bg2 c5 6. O-O Nc6 7. Qa4 Bd7 8. Qxc4 cxd4 9. Nxd4 Rc8 10. Nc3 Nxd4 11. Qxd4 Bc5 12. Qh4 Bc6 13. Bg5 Qd4 14. Bxc6+ Rxc6 15. Bxf6 Qxf6 16. Qa4 O-O 17. Rad1 a6 18. Rd7 b5 19. Qe4 Rfc8 20. e3 h6 21. Rfd1 Bb6 22. R1d6 Rc4 23. Qb7 Ba5 24. Rxa6 Bxc3 25. bxc3 Rxc3 26. Ra8 Rxa8 27. Qxa8+ Kh7 28. Kg2 Qf5 29. Qf3 1/2-1/2

[Event "European Club Cup 2002"]
[Site "?"]
[Date "2002.09.27"]
[Round "6.91"]
[White "Van Wely Loek"]
[Black "Aleksandrov Aleksej"]
[Result "1-0"]
[WhiteElo "2645"]
[BlackElo "2654"]
[PlyCount "93"]
[EventDate "2002.??.??"]
[Source "www.chesslib.no"]
[SourceDate "2004.05.04"]

1. d4 Nf6 2. c4 e6 3. Nf3 d5 4. g3 dxc4 5. Bg2 Nc6 6. Qa4 Bb4+ 7. Bd2 Nd5 8. Bxb4 Ndxb4 9. a3 b5 10. Qxb5 Nc2+ 11. Kd2 Nxa1 12. Qxc6+ Bd7 13. Qxc4 c5 14. Qa2 Qa5+ 15. Nc3 cxd4 16. Nxd4 Rd8 17. Rxa1 Qb6 18. e3 e5 19. Nd5 Qh6 20. Qc4 O-O 21. Ne2 Be6 22. h4 Bxd5 23. Bxd5 Qb6 24. Ke1 Qxb2 25. Qc3 Qb5 26. e4 Kh8 27. Qxe5 Rfe8 28. Qd4 f5 29. f3 fxe4 30. fxe4 Rc8 31. a4 Qa5+ 32. Qd2 Qb6 33. a5 Qf6 34. Rc1 Qf3 35. Rxc8 Qh1+ 36. Kf2 Rxc8 37. e5 Rf8+ 38. Nf4 Qa1 39. e6 Rb8 40. Kf3 g6 41. Nxg6+ Kg7 42. Nf4 Kf6 43. Qd3 Qh1+ 44. Kg4 Rg8+ 45. Kh5 Qe1 46. Qd4+ Kf5 47. g4+ 1-0

[Event "Kallithea 86/456"]
[Site "?"]
[Date "2002.??.??"]
[Round "?"]
[White "Azmaiparashvili, Z."]
[Black "Filippov, Va"]
[Result "1-0"]
[WhiteElo "2676"]
[BlackElo "2615"]
[PlyCount "75"]
[EventDate "2002.??.??"]
[Source "Chess Informant"]
[SourceDate "2002.10.01"]

1. d4 Nf6 2. c4 e6 3. Nf3 d5 4. g3 dxc4 5. Bg2 c6 6. Ne5 c5 7. Be3 Nd5 8. O-O Be7 9. dxc5 Nxe3 10. Qxd8+ Bxd8 11. fxe3 Bf6 12. Nxc4 Nd7 13. Nbd2 Nxc5 14. Rac1 Ke7 15. b4 Na6 16. a3 Rb8 17. Na5 Rd8 18. Rc2 Rd7 19. Rfc1 Kd8 20. Ndb3 Rc7 21. Nd4 Rxc2 22. Rxc2 Bxd4 23. exd4 Nc7 24. Kf2 Nb5 25. a4 Nc7 26. b5 Nd5 27. Nc4 Bd7 28. Ne5 f6 29. Nd3 a6 30. Bxd5 exd5 31. b6 Bc6 32. Rxc6 bxc6 33. a5 Rb7 34. Nc5 Re7 35. Nxa6 Kc8 36. Nc5 Kb8 37. a6 Ka8 38. Ke1 1-0

[Event "15th TCh-Asia"]
[Site "Visakhpatnam IND"]
[Date "2008.01.07"]
[Round "5"]
[White "Wang Yue"]
[Black "Ghaem Maghami, E."]
[Result "1/2-1/2"]
[WhiteElo "2698"]
[BlackElo "2589"]
[PlyCount "59"]
[EventDate "2008.01.03"]
[Source "www.chesslib.no"]
[SourceDate "2004.05.04"]

1. d4 Nf6 2. c4 e6 3. Nf3 d5 4. g3 dxc4 5. Bg2 Nc6 6. Qa4 Bb4+ 7. Bd2 Nd5 8. Bxb4 Ndxb4 9. O-O Rb8 10. Na3 a6 11. Ne5 O-O 12. Nxc6 Nxc6 13. Qxc4 Qxd4 14. Bxc6 Qxc4 15. Nxc4 bxc6 16. Rac1 Rd8 17. Rfd1 Bd7 18. f4 Be8 19. Rxd8 Rxd8 20. Kf2 Kf8 21. Ke3 Rd5 22. Ne5 g5 23. Nxc6 gxf4+ 24. gxf4 Bxc6 25. Rxc6 Ra5 26. a3 Rb5 27. b4 a5 28. Rc5 Rxc5 29. bxc5 Ke7 30. Ke4 1/2-1/2